[Event "Olympiad Women 2024"]
[Site "Budapest HUN"]
[Date "2024.09.13"]
[Round "3.55"]
[Board "1"]
[White "Seine, Rose Berline"]
[Black "Paulo, Jemima"]
[Result "1-0"]
[WhiteElo "1778"]
[BlackElo "2037"]
[PlyCount "89"]
[EventDate "2024.09.11"]
[WhiteTeam "Haiti"]
[BlackTeam "Angola"]
[WhiteTeamCountry "HAI"]
[BlackTeamCountry "ANG"]

1. d4 d5 2. c4 e6 3. Nc3 Nf6 4. cxd5 exd5 5. Bg5 c6 6. e3 h6 7. Bh4 Nbd7 ({RR} 7... Be6 8. Bd3 Nbd7 9. f3 g5 10. Bf2 Bg7 11. Nge2 h5 12. Ng3 Nb6 13. Nf5 Bf8 14. Qc2 Qd7 15. Bg3 Nc4 16. O-O-O h4 17. Be5 Nxe5 18. dxe5 Nh5 19. g4 Ng7 20. f4 gxf4 21. exf4 O-O-O 22. Nxg7 {1-0 Navara,D (2736)-Moroni,L (2564) EU-ch blitz Skopje 2018 (8)}) 8. Bg3 $146 ({RR} 8. Bd3 Be7 9. Nge2 b6 10. O-O Bb7 11. Rc1 c5 12. Bb1 O-O 13. Qc2 Re8 14. Bg3 Nf8 15. Rfd1 c4 16. f3 Nh5 17. Bf2 g6 18. Rf1 Bd6 19. e4 Ne6 20. e5 Be7 21. Be3 Kh7 22. g4 Nhg7 {1-0 Azali,T (1818)-Davoodi,Y (1844) IRI-ch (Women) 2016 (3)}) ({RR} 8. Bd3 Nb6 9. Qc2 g5 10. Bg3 Nh5 11. Nge2 Nxg3 12. Nxg3 Be6 13. O-O-O Qd7 14. Kb1 O-O-O 15. f3 Kb8 16. Be2 f5 17. Bd3 f4 18. exf4 gxf4 19. Nge2 Bd6 20. g4 Nc4 21. Bxc4 dxc4 22. Ne4 Bd5 {1-0 Bambino Filho,A (2168)-Kvaloy,A (2482) Titled Tue 10th Sep Early 2024 (7)}) ({RR} 8. Bd3 Qb6 9. Qc2 Bd6 10. Nge2 O-O 11. O-O Re8 12. Rac1 Qd8 13. Bg3 Nf8 14. Bxd6 Qxd6 15. Ng3 Ng4 16. Bf5 Bxf5 17. Qxf5 Qe6 18. b4 Ng6 19. b5 Ne7 20. Qxe6 fxe6 21. bxc6 Nxc6 22. Nge2 Re7 {½-½ Korn,A (2010)-Lytvynets,D (2136) Vienna Tschaturanga op 2012 (6)}) 8... Bb4 9. Bd3 O-O 10. h3 Re8 11. Nge2 a5 12. O-O b5 13. Rc1 Bb7 14. Bb1 Bf8 15. Nf4 Bd6 16. Nfxd5 Bxg3 17. Nxf6+ Qxf6 18. fxg3 Qg5 19. e4 Qxg3 20. Rf3 Qb8 21. Qb3 Re7 22. Rcf1 Qe8 23. a3 a4 24. Qc2 Nf8 25. Ba2 Ne6 26. Qf2 Rd8 27. d5 cxd5 28. exd5 Ng5 29. Rf4 Rd6 30. Qc5 Rg6 31. Kh2 Qd8 32. h4 Ne6 33. dxe6 Rxg2+ 34. Kh3 f6 35. Bd5 Rd2 36. Rd4 Rxd4 37. Qxd4 Bc8 38. Qe3 Qd6 39. Re1 Kf8 40. Qe4 g5 41. hxg5 hxg5 42. Kg2 Rg7 43. Rh1 Ke7 44. Rh7 Kf8 45. e7+ 1-0

[Event "Olympiad Women 2024"]
[Site "Budapest HUN"]
[Date "2024.09.13"]
[Round "3.55"]
[Board "2"]
[White "Caxita, Esperanca"]
[Black "Cadeau, Merisena"]
[Result "0-1"]
[WhiteElo "1932"]
[BlackElo "1671"]
[PlyCount "76"]
[EventDate "2024.09.11"]
[WhiteTeam "Angola"]
[BlackTeam "Haiti"]
[WhiteTeamCountry "ANG"]
[BlackTeamCountry "HAI"]

1. e4 c5 2. Nc3 Nc6 3. f4 d6 4. Nf3 a6 5. Bc4 b5 6. Bd5 Bb7 7. O-O e6 8. Bxc6+ Bxc6 9. d3 Ne7 $146 ({RR} 9... Be7 10. Ne2 h5 11. Ng5 Nf6 12. h3 h4 13. b3 Nh5 14. Nf3 d5 15. e5 d4 16. Bd2 b4 17. Kh2 Ng3 18. Nxg3 hxg3+ 19. Kxg3 Bh4+ 20. Kh2 Qd5 21. Qe2 Qd8 22. a3 a5 23. axb4 axb4 24. Rxa8 {1-0 Wisniewski,J (2000)-Dahm,M (2036) POL-chT Region 0607 2006 (8)}) ({RR} 9... Nf6 10. Qe1 Be7 11. b3 b4 12. Ne2 a5 13. a4 bxa3 14. Bxa3 O-O 15. Nc3 Nd7 16. Bb2 Nb6 17. Qg3 f6 18. d4 d5 19. exd5 Nxd5 20. Nxd5 Bxd5 21. c4 Bb7 22. Rfd1 Qb6 23. Ba3 Qxb3 24. Bxc5 {0-1 Harsh,S (2261)-Trent,L (2402) Titled Tue 17th Jan Early 2023 (2)}) 10. Qe1 g6 11. e5 Bg7 12. Ne4 Nf5 13. g4 Bxe4 14. Qxe4 d5 15. Qe1 Ne7 16. Qf2 Qc7 17. Be3 Rc8 18. b3 O-O 19. g5 Nf5 20. Nh4 Ne7 21. Rac1 d4 22. Bd2 b4 23. Ra1 a5 24. a4 h6 25. gxh6 Bxh6 26. Qg2 Kh7 27. Qh3 Rh8 28. Rf2 Rcg8 29. Rg2 Kg7 30. Qf3 Kf8 31. Re1 Nd5 32. Rg4 Qd8 33. Qf2 g5 34. fxg5 Bxg5 35. Bxg5 Rxg5 36. Ng6+ Kg7 37. Qxf7+ Kxf7 38. Nxh8+ Kg8 0-1

[Event "Olympiad Women 2024"]
[Site "Budapest HUN"]
[Date "2024.09.13"]
[Round "3.55"]
[Board "3"]
[White "Jonet, Davena"]
[Black "Junior, Ednasia"]
[Result "1/2-1/2"]
[WhiteElo "1659"]
[BlackElo "1888"]
[PlyCount "112"]
[EventDate "2024.09.11"]
[WhiteTeam "Haiti"]
[BlackTeam "Angola"]
[WhiteTeamCountry "HAI"]
[BlackTeamCountry "ANG"]

1. d4 f5 2. Bf4 Nf6 3. Nf3 e6 4. e3 b6 5. Be2 Bb7 6. h3 Be7 ({RR} 6... Nc6 7. Bh2 Ne7 8. c4 Ng6 9. O-O Bd6 10. Bxd6 cxd6 11. Nc3 d5 12. Rc1 O-O 13. cxd5 Nxd5 14. Nxd5 Bxd5 15. Bc4 Ne7 16. Bxd5 Nxd5 17. Ne5 d6 18. Nd3 Qd7 19. Qd2 a5 20. Rc2 Rfc8 21. Rfc1 {1-0 Nihal,S (2670)-Maghsoodloo,P (2720) Tata Steel India Rapid 2022 (8.2)}) ({RR} 6... Bd6 7. O-O Bxf4 8. exf4 O-O 9. Re1 c5 10. c4 Qc7 11. g3 cxd4 12. Nxd4 Na6 13. Nc3 Nc5 14. Ncb5 Qb8 15. Nf3 Nce4 16. Ne5 a6 17. Nd4 Qc7 18. Rc1 Rac8 19. Bf1 a5 {½-½ Stefan,I (1938)-Harmsen,J (2102) 24th ch-EUR Indiv w 2024 (9.70)}) 7. Nbd2 O-O 8. Nc4 $146 ({RR} 8. O-O Ne4 9. Nxe4 Bxe4 10. Nd2 Bb7 11. Bf3 Bxf3 12. Qxf3 Nc6 13. c4 Bf6 14. Rab1 Kh8 15. b4 e5 16. dxe5 Nxe5 17. Qg3 d6 18. Rfd1 g5 19. Bxe5 Bxe5 20. f4 Bf6 21. Nf3 g4 22. hxg4 fxg4 {1-0 Bermudez Veliz,A (1491)-Jacome,E (1579) South America-ch U20 13th 2017 (8)}) ({RR} 8. c3 Ne4 9. g4 Nxd2 10. Qxd2 g5 11. gxf5 gxf4 12. O-O-O Kh8 13. Rhg1 exf5 14. Rg2 d6 15. Rdg1 Nd7 16. d5 Nc5 17. Qd4+ Bf6 18. Qxf4 Qe7 19. Qxf5 Rg8 20. Nd4 Rxg2 21. Rxg2 Rg8 22. Rxg8+ Kxg8 {0-1 Hague,B (2322)-Thomas,B (2260) NZL-ch 120th 2012 (11)}) 8... Ne4 9. a3 d6 10. c3 Kh8 11. Ncd2 Nd7 12. O-O Ndf6 13. Ng5 Qd7 14. Ngxe4 Nxe4 15. Nxe4 Bxe4 16. Bf3 Bxf3 17. Qxf3 Bf6 18. Qg3 Rae8 19. Bg5 Bxg5 20. Qxg5 Rf6 21. Qh5 Ref8 22. f4 Qb5 23. Rab1 Rg6 24. Qf3 e5 25. fxe5 dxe5 26. dxe5 Qxe5 27. Qf4 Re6 28. Qxe5 Rxe5 29. Rfe1 Rd8 30. Rbd1 Rde8 31. Kf2 Kg8 32. Rd7 R8e7 33. Rxe7 Rxe7 34. Kf3 Rd7 35. Re2 Kf7 36. e4 Kf6 37. exf5 Kxf5 38. Re4 Rd3+ 39. Re3 Rd7 40. Re4 c5 41. Ke3 g5 42. g4+ Kf6 43. Ke2 Rd5 44. Re3 Re5 45. a4 a6 46. Kd2 Rxe3 47. Kxe3 Ke5 48. Kf3 Kd5 49. b3 b5 50. a5 b4 51. cxb4 cxb4 52. Ke3 Ke5 53. Kd3 Kd5 54. Ke3 Ke5 55. Kd3 Kd5 56. Ke3 Ke5 1/2-1/2

[Event "Olympiad Women 2024"]
[Site "Budapest HUN"]
[Date "2024.09.13"]
[Round "3.55"]
[Board "4"]
[White "Pires, Luzia"]
[Black "Belgarde, Roudena"]
[Result "1-0"]
[WhiteElo "1877"]
[BlackElo "1540"]
[PlyCount "61"]
[EventDate "2024.09.11"]
[WhiteTeam "Angola"]
[BlackTeam "Haiti"]
[WhiteTeamCountry "ANG"]
[BlackTeamCountry "HAI"]

1. d4 d5 2. Nf3 Nc6 3. e3 Nf6 4. c4 dxc4 5. Bxc4 e6 6. O-O Be7 7. Nc3 O-O 8. a3 a6 9. b4 ({RR} 9. Qe2 b5 10. Bd3 b4 11. Ne4 Nd5 12. Bd2 Na5 13. axb4 Nb3 14. Nc5 Nxa1 15. Rxa1 Rb8 16. Ne5 Qd6 17. Nxa6 Bxa6 18. Rxa6 Rb6 19. Ra1 Rbb8 20. b5 Bf6 21. e4 Nb6 22. Nc6 Ra8 23. Rxa8 Rxa8 {1-0 Lyrberg,P (2405)-Myrvold,T (2310) Gausdal Int 1994 (7)}) 9... b5 10. Ba2 Bb7 11. Bb2 Bd6 $146 ({RR} 11... h6 12. Rc1 Qd6 13. Qc2 Na7 14. Ne5 Nc6 15. f4 Nxe5 16. fxe5 Qc6 17. exf6 Bxf6 18. Bb1 Rfd8 19. Ne4 Bg5 20. Nxg5 hxg5 21. Qxc6 Bxc6 22. Rxc6 Rd7 23. Rfc1 Ra7 24. Be4 f5 25. Bf3 g4 26. Bd1 {1-0 Falticko,P-Ondo,T SVK-chT2D 10/11 2010 (9.2)}) 12. Rc1 Ne7 13. Re1 Ned5 14. Bb1 Nxc3 15. Bxc3 Ng4 16. h3 Bxf3 17. Qxf3 Nh6 18. e4 f6 19. e5 fxe5 20. Qe4 g6 21. dxe5 Be7 22. Ba2 Bg5 23. Bxe6+ Nf7 24. f4 Bh6 25. Bd5 Bxf4 26. Rcd1 Qh4 27. Bxa8 Qg3 28. Bd5 Qxc3 29. Qxf4 c6 30. Bxf7+ Kg7 31. e6 1-0

[Event "Olympiad Women 2024"]
[Site "Budapest HUN"]
[Date "2024.09.13"]
[Round "3.56"]
[Board "1"]
[White "Cordero, Daniela"]
[Black "Beukes Jamie-Nicole"]
[Result "1-0"]
[WhiteElo "2017"]
[BlackElo "1735"]
[PlyCount "67"]
[EventDate "2024.09.11"]
[WhiteTeam "Bolivia"]
[BlackTeam "Namibia"]
[WhiteTeamCountry "BOL"]
[BlackTeamCountry "NAM"]

1. d4 d5 2. Nf3 Nf6 3. c4 e6 4. g3 dxc4 5. Qa4+ Bd7 6. Qxc4 c5 7. dxc5 Qc7 ({RR} 7... Bc6 8. Nc3 Nbd7 9. Be3 Rc8 10. Bg2 Bxc5 11. Bxc5 Bxf3 12. Bxf3 Rxc5 13. Qb4 b6 14. Na4 Rc7 15. Qd6 Nb8 16. Qf4 O-O 17. O-O b5 18. Nc3 a6 19. Rfd1 Qe7 20. a3 h6 21. Qd6 Qxd6 22. Rxd6 {1-0 Balog,I (2578)-Harikrishna,P (2725) Online Olym Div Top-B rapid 2021 (7.1)}) 8. Be3 b5 $146 ({RR} 8... b6 9. Bg2 bxc5 10. O-O Nc6 11. Nc3 Be7 12. Rac1 O-O 13. Rfd1 Rfc8 14. Bf4 Qb6 15. Bg5 Be8 16. Na4 Qb4 17. a3 Qxc4 18. Rxc4 Na5 19. Rh4 h6 20. Bd2 Nb3 21. Nc3 Rd8 22. Nb1 Rab8 23. Kf1 {0-1 Capdevila,C (2107)-Krzywda,A (2237) Titled Tue 5th Mar Late 2024 (11)}) ({RR} 8... Nd5 9. Bd4 Nc6 10. e3 Rc8 11. Nc3 Nxc3 12. Qxc3 Nxd4 13. exd4 Be7 14. Bg2 O-O 15. O-O Bc6 16. Qe3 Rfd8 17. Ne5 Bxg2 18. Kxg2 b6 19. b4 Qb7+ 20. Kg1 Qd5 21. Rfd1 Bf6 22. Nf3 Qc4 23. a3 {1-0 Capdevila,C (2107)-Krzywda,A (2211) Titled Tue 13th Feb Late 2024 (10)}) 9. Qc2 a5 10. Bg2 Na6 11. Nd4 Nb4 12. Qc1 Rc8 13. c6 Nxc6 14. Nxb5 Qe5 15. N1c3 Bb4 16. O-O O-O 17. a3 Be7 18. h3 Rfd8 19. Bf4 Qf5 20. e4 Qg6 21. Bc7 Rf8 22. Qe3 Ne8 23. Bb6 Ne5 24. b3 Bf6 25. Bc5 Bxb5 26. Nxb5 Nd7 27. Bd4 Rb8 28. a4 Rb7 29. e5 Bxe5 30. Bxb7 Bb8 31. Rac1 Nd6 32. Nxd6 Bxd6 33. Rfd1 Nf6 34. Bxf6 1-0

[Event "Olympiad Women 2024"]
[Site "Budapest HUN"]
[Date "2024.09.13"]
[Round "3.56"]
[Board "2"]
[White "Nepando, Jolly"]
[Black "Monroy G., Nataly A."]
[Result "0-1"]
[WhiteElo "1642"]
[BlackElo "1939"]
[PlyCount "76"]
[EventDate "2024.09.11"]
[WhiteTeam "Namibia"]
[BlackTeam "Bolivia"]
[WhiteTeamCountry "NAM"]
[BlackTeamCountry "BOL"]

1. e4 c5 2. Nc3 g6 3. f4 Bg7 4. Nf3 e6 5. Bb5 ({RR} 5. d4 cxd4 6. Nxd4 a6 7. Be3 b5 8. Bxb5 axb5 9. Ndxb5 Ne7 10. Qd6 O-O 11. Bb6 Nf5 12. exf5 Qh4+ 13. g3 Qh5 14. Bd4 Bxd4 15. Qxd4 Nc6 16. Qd2 Qxf5 17. Nd6 Qa5 18. Nce4 f5 19. Qxa5 Nxa5 {1-0 Najer,E (2500)-Kron,V (2450) Moscow-ch op 1998 (6)}) 5... Ne7 6. d4 $146 ({RR} 6. d3 a6 7. Ba4 b5 8. Bb3 d5 9. exd5 exd5 10. a3 Bb7 11. O-O O-O 12. Rb1 Qb6 13. Kh1 Nd7 14. Qd2 Nf6 15. Ba2 d4 16. Ne2 Nf5 17. b4 Ne3 18. Re1 Bxf3 19. gxf3 Qc6 20. Ng1 Bh6 {0-1 Neagoe,A (1098)-Samson,M (1287) ROM-ch U10 Girls 2018 (3)}) ({RR} 6. O-O O-O 7. d3 Nbc6 8. Qe1 a6 9. Ba4 d5 10. Qh4 b5 11. exd5 exd5 12. Bb3 c4 13. dxc4 dxc4 14. Ne4 cxb3 15. Nf6+ Bxf6 16. Qxf6 Qb6+ 17. Kh1 Nf5 18. Ne5 Be6 19. Ng4 Qd4 20. Qg5 Qg7 {1-0 Berago,J-Alaa,D (1723) Swiss Queens Wed #5 2024 (3.28)}) ({RR} 6. d3 a6 7. Bc4 O-O 8. a4 b6 9. O-O Bb7 10. Qe1 Nbc6 11. Qh4 d5 12. exd5 exd5 13. Ba2 Nd4 14. Rf2 Qd7 15. Be3 Nef5 16. Qh3 Rad8 17. Bxd4 Nxd4 18. Kh1 Qxh3 19. gxh3 Nxf3 20. Rxf3 d4 {0-1 Kozik,A (1722)-Schmitt,R (1589) GER Cup Net V4 U2000 blitz 2020 (4)}) 6... cxd4 7. Nxd4 O-O 8. Be3 a6 9. Ba4 b5 10. Bb3 Bb7 11. a3 d5 12. e5 Nd7 13. O-O Qc7 14. Qd2 Nc6 15. Nce2 Na5 16. c3 Nc4 17. Bxc4 dxc4 18. a4 bxa4 19. Rxa4 Nb6 20. Raa1 Rad8 21. Qc2 Nd5 22. Bf2 Bh6 23. Bh4 Ne3 24. Bxd8 Qxd8 25. Qc1 Nxf1 26. Qxf1 Qb6 27. Qb1 Qc5 28. Kf1 Qd5 29. Nf3 Rd8 30. Ned4 Bxf4 31. g3 Bxe5 32. Kf2 Bxd4+ 33. Nxd4 Qg2+ 34. Ke1 Qg1+ 35. Ke2 Qxh2+ 36. Ke3 Qxg3+ 37. Ke2 e5 38. Nf5 Qg4+ 0-1

[Event "Olympiad Women 2024"]
[Site "Budapest HUN"]
[Date "2024.09.13"]
[Round "3.56"]
[Board "3"]
[White "Yepez Montenegro, Gloria Luz"]
[Black "Van Wyk, Keisha C"]
[Result "1-0"]
[WhiteElo "1818"]
[BlackElo "1599"]
[PlyCount "67"]
[EventDate "2024.09.11"]
[WhiteTeam "Bolivia"]
[BlackTeam "Namibia"]
[WhiteTeamCountry "BOL"]
[BlackTeamCountry "NAM"]

1. d4 Nf6 2. Bf4 d6 3. Nc3 Bf5 4. f3 Nc6 ({RR} 4... h6 5. e4 Be6 6. Qd2 a6 7. Nge2 Bc4 8. b3 Bxe2 9. Bxe2 Nc6 10. Nd5 e5 11. dxe5 dxe5 12. Be3 Ba3 13. Rd1 Nxd5 14. exd5 Ne7 15. O-O Nf5 16. Bf2 O-O 17. Bd3 Ne7 18. c4 Qd6 19. Kh1 {1-0 Cifuentes Camacho,M (1830)-Giasi,V (2022) 17th American Continental 2024 (10.81)}) 5. e4 Bd7 6. Be3 a6 $146 ({RR} 6... e6 7. Nge2 Be7 8. g4 O-O 9. Qd2 a5 10. g5 Ne8 11. h4 Nb8 12. Ng3 c5 13. dxc5 dxc5 14. O-O-O Nd6 15. Bf4 Qc8 16. Bxd6 Bxd6 17. Qxd6 Rd8 18. Bb5 Nc6 19. Bxc6 Qxc6 20. Qe5 Be8 21. Nh5 {1-0 Delgado Rosas,A (2149)-Robinson,O Olympiad-44 Chennai 2022 (1.3)}) 7. Qd2 e6 8. Be2 Be7 9. g4 Ng8 10. O-O-O b5 11. f4 b4 12. Nb1 d5 13. exd5 exd5 14. Bf3 Nf6 15. Qg2 Bc8 16. g5 Ne4 17. Bxe4 dxe4 18. Qxe4 Bb7 19. d5 Na5 20. Bc5 b3 21. axb3 O-O 22. Bxe7 Re8 23. Bxd8 Rxe4 24. Bxc7 Nxb3+ 25. cxb3 Rc8 26. d6 Re3 27. Nc3 Bxh1 28. d7 Rf8 29. d8=Q Ree8 30. Qd4 Rc8 31. Be5 Rc6 32. Bxg7 Rfc8 33. Bh6 Bd5 34. Qg7# 1-0

[Event "Olympiad Women 2024"]
[Site "Budapest HUN"]
[Date "2024.09.13"]
[Round "3.57"]
[Board "1"]
[White "Ortez, Andrea"]
[Black "Bouzana, Christina"]
[Result "1-0"]
[WhiteElo "1948"]
[BlackElo "1644"]
[PlyCount "99"]
[EventDate "2024.09.11"]
[WhiteTeam "El Salvador"]
[BlackTeam "Cyprus"]
[WhiteTeamCountry "ESA"]
[BlackTeamCountry "CYP"]

1. e4 c5 2. c3 Nf6 3. e5 Nd5 4. Nf3 Nc6 5. d4 cxd4 6. cxd4 d6 7. Bc4 e6 8. O-O Qc7 9. Qe2 Be7 10. Nc3 Nxc3 11. bxc3 dxe5 12. dxe5 O-O 13. Bd3 Rd8 14. Qe4 g6 15. Bh6 b6 16. Rad1 ({RR} 16. Rfd1 Bb7 17. Qf4 Rd7 18. Bb5 Rad8 19. Rxd7 Rxd7 20. Ng5 Bxg5 21. Qxg5 Qd8 22. Qxd8+ Rxd8 23. Bxc6 Bxc6 24. Bg5 Rd3 25. Bf6 Rxc3 26. Rd1 Bd5 27. h4 h6 28. a3 b5 29. Rb1 a6 30. Ra1 Kh7 {0-1 Awoki,D (2160)-Cramling Bellon,A (2115) Titled Tue 5th Mar Late 2024 (8)}) 16... Bb7 17. Qf4 Bf8 $146 ({RR} 17... Rd5 18. Be4 Rxd1 19. Rxd1 Rd8 20. Rxd8+ Nxd8 21. Bxb7 Nxb7 22. Ng5 Nd8 23. Ne4 Qd7 24. h3 Qd1+ 25. Kh2 Qh5 26. g4 Qh4 27. Nf6+ Bxf6 28. exf6 e5 29. Qd2 Ne6 30. Be3 Qxf6 31. Qd6 Kg7 32. Qb8 {0-1 Hoellrigl,W (2217)-Doehler,T (2018) Bodensee op Bregenz 2019 (4)}) ({RR} 17... Rd7 18. Be4 Rxd1 19. Rxd1 Rd8 20. Re1 f5 21. exf6 Qxf4 22. Bxf4 Bxf6 23. c4 Bc3 24. Rc1 Na5 25. Bxb7 Nxb7 26. h4 Bf6 27. Re1 Nc5 28. Bg5 Kg7 29. Bxf6+ Kxf6 30. g4 Rd3 31. Kg2 Ra3 32. Re2 {½-½ Christiansen,J (2590)-Moiseenko,A (2602) NOR-UKR Solidarity m 2022 (4.4)}) ({RR} 17... Rd7 18. Be4 Rad8 19. Rxd7 Rxd7 20. h4 Ba6 21. Re1 Nd8 22. Re3 Rd1+ 23. Kh2 Rc1 24. Bc2 b5 25. Nd4 Nc6 26. Nxc6 Rxc2 27. Nxe7+ Qxe7 28. Rd3 b4 29. Rd7 {1-0 Adamski,A (2365)-Sorm,D Decin-08 IM 1978 (1)}) 18. Bg5 Be7 19. Bh6 Bf8 20. Rfe1 Bg7 21. h4 Ne7 22. Bxg7 Kxg7 23. h5 Nd5 24. h6+ Kg8 25. Qg5 Qe7 26. Qc1 Rac8 27. c4 b5 28. Be4 Rxc4 29. Qd2 Rdc8 30. Rc1 a6 31. Bd3 Rxc1 32. Rxc1 Rxc1+ 33. Qxc1 Qc7 34. Qg5 Qe7 35. Qd2 Nb6 36. Ng5 Nd7 37. Qe3 Nc5 38. Be2 Bd5 39. Bf3 Bxa2 40. Qa3 Bd5 41. Qe3 Nd7 42. Bxd5 exd5 43. Nf3 Qe6 44. Qc3 Nf8 45. Qc7 Qd7 46. Qb6 Qe6 47. Qc7 b4 48. Ng5 Qf5 49. e6 Nxe6 50. Nxe6 1-0

[Event "Olympiad Women 2024"]
[Site "Budapest HUN"]
[Date "2024.09.13"]
[Round "3.57"]
[Board "2"]
[White "Sokolova, Larisa"]
[Black "Garcia, Angie"]
[Result "1-0"]
[WhiteElo "1705"]
[BlackElo "2015"]
[PlyCount "71"]
[EventDate "2024.09.11"]
[WhiteTeam "Cyprus"]
[BlackTeam "El Salvador"]
[WhiteTeamCountry "CYP"]
[BlackTeamCountry "ESA"]

1. e4 e6 2. d4 d5 3. Nd2 Nf6 4. e5 Nfd7 5. Bd3 c5 6. c3 Nc6 7. Ne2 cxd4 8. cxd4 f6 9. f4 fxe5 10. fxe5 Nxd4 11. O-O Bc5 12. Nxd4 Bxd4+ 13. Kh1 g6 14. Qg4 Qb6 15. Nb3 $146 ({RR} 15. Nf3 Bxe5 16. Bxg6+ Ke7 17. Nxe5 Nxe5 18. Qg5+ Kd6 19. Bf4 Qd4 20. Rae1 {1-0 Medjedovic,J (2045)-Boskovic,M (2080) YUG-chT (Women) 1993 (5)}) ({RR} 15. Bxg6+ hxg6 16. Qxg6+ Kd8 17. Nf3 Bc5 18. Bg5+ Kc7 19. g4 Bd4 20. Nxd4 Qxd4 21. Qxe6 Qb6 22. Rac1+ Kb8 23. Qxd5 {1-0 Homfeldt,C (1416)-Leonard,T (1590) Dortmund Sparkassen op-B 2015 (6)}) 15... Bxe5 16. Bd2 Nf6 17. Qg5 Qd6 18. Bb4 Qxb4 19. Qxe5 Rf8 20. Rxf6 Bd7 21. Rxf8+ Qxf8 22. Rf1 Qg8 23. Nd4 Rc8 24. h3 a6 25. Re1 Ke7 26. Qxd5 b6 27. Qg5+ Kd6 28. Bxa6 Rc5 29. Qg3+ Ke7 30. Qb3 Qf7 31. Qxb6 Rd5 32. Bc4 Rd6 33. Qb4 Qf4 34. Nxe6 Bxe6 35. Rxe6+ Kd7 36. Qb7+ 1-0

[Event "Olympiad Women 2024"]
[Site "Budapest HUN"]
[Date "2024.09.13"]
[Round "3.57"]
[Board "3"]
[White "Vasquez Vasquez, Marielos"]
[Black "Pica, Eleni"]
[Result "1/2-1/2"]
[WhiteElo "1844"]
[BlackElo "1609"]
[PlyCount "136"]
[EventDate "2024.09.11"]
[WhiteTeam "El Salvador"]
[BlackTeam "Cyprus"]
[WhiteTeamCountry "ESA"]
[BlackTeamCountry "CYP"]

1. d4 Nf6 2. c4 e6 3. Nf3 d5 4. g3 dxc4 5. Bg2 Bb4+ 6. Bd2 c5 7. e3 $146 ({RR} 7. Bxb4 cxb4 8. Nbd2 b5 9. a3 bxa3 10. bxa3 a6 11. O-O Bb7 12. Qb1 O-O 13. Rc1 Nbd7 14. e4 Nb6 15. a4 Rc8 16. e5 c3 17. exf6 cxd2 18. Rxc8 Qxc8 19. fxg7 Rd8 20. axb5 Bxf3 21. Bxf3 Qc3 {0-1 Arun Prasad,S (2535)-Smerdon,D (2526) Kuala Lumpur op 7th 2010 (6)}) ({RR} 7. a3 Bxd2+ 8. Nbxd2 cxd4 9. Nxc4 Nc6 10. O-O O-O 11. Rc1 Re8 12. b4 a6 13. Nfe5 Nxe5 14. Nxe5 Qd6 15. Nc4 Qd8 16. Ne5 Qd6 17. Nc4 Qd8 18. f4 Rb8 19. Qd2 d3 20. e3 e5 21. fxe5 Ng4 {½-½ Gelfand,B (2755)-Bacrot,E (2721) Jermuk FIDE GP 2009 (3)}) ({RR} 7. Bxb4 cxb4 8. Ne5 O-O 9. a3 Nd5 10. Nxc4 Qc7 11. Ne5 Nc6 12. Nxc6 bxc6 13. O-O Rd8 14. Nd2 Ba6 15. Nb3 bxa3 16. Rxa3 Bb5 17. Qc2 a5 18. Rc1 a4 19. Nc5 Nb6 20. Qe4 Nc4 21. Ra2 Nd2 {½-½ Davtyan,A (2392)-Grebnev,A (2535) Andranik Margaryan Mem GM 2024 (4.2)}) ({RR} 7. dxc5 Bxc5 8. O-O O-O 9. Nc3 Nbd7 10. Bf4 Qe7 11. Na4 e5 12. Bg5 h6 13. Nxc5 Qxc5 14. Be3 Qe7 15. Qa4 Ng4 16. Bd2 Nb6 17. Qa5 Re8 18. Bb4 Qc7 19. h3 Nf6 20. Bc3 e4 21. Nd2 Qc6 {0-1 Solovyeva,M (1449)-Chernov,L (1751) Korchnoi Mem Open 2023 (4.112)}) 7... O-O 8. O-O Nc6 9. Bxb4 cxb4 10. Nbd2 Rb8 11. Nxc4 b5 12. Nce5 Nxe5 13. Nxe5 Bb7 14. Nc6 Bxc6 15. Bxc6 Nd5 16. Rc1 Ne7 17. Be4 Rc8 18. Qd3 f5 19. Bg2 Qb6 20. Qb3 a5 21. d5 a4 22. Qxb4 Nxd5 23. Bxd5 exd5 24. Rfd1 Qb7 25. b3 axb3 26. Qxb3 Rc4 27. Rb1 Rb8 28. Qd3 g6 29. Qxd5+ Qxd5 30. Rxd5 b4 31. Rd2 Rc3 32. Rdb2 Ra3 33. Rxb4 Rxb4 34. Rxb4 Rxa2 35. Rb7 Rd2 36. Kg2 Ra2 37. h3 h6 38. Kf3 Rc2 39. g4 Rc5 40. Kg3 Ra5 41. gxf5 Rxf5 42. h4 Re5 43. Kg4 Re4+ 44. Kg3 h5 45. Rb3 Rg4+ 46. Kh3 Rg1 47. Rb4 Re1 48. Kg3 Rg1+ 49. Kf3 Kf7 50. Rf4+ Ke6 51. Ke4 Ra1 52. Kd3 Ra3+ 53. Ke2 Ra2+ 54. Kf3 Ra3 55. Rb4 Kf5 56. Rb5+ Ke6 57. Kf4 Ra1 58. f3 Rh1 59. Kg3 Rg1+ 60. Kh2 Ra1 61. e4 Ra6 62. Kg3 Ra1 63. Rb3 Rg1+ 64. Kh2 Ra1 65. Kg3 Rg1+ 66. Kh2 Ra1 67. Kg3 Rg1+ 68. Kh2 Ra1 1/2-1/2

[Event "Olympiad Women 2024"]
[Site "Budapest HUN"]
[Date "2024.09.13"]
[Round "3.57"]
[Board "4"]
[White "Sokolova, Victoria"]
[Black "Zavala Galindo, Alejandra Beatriz"]
[Result "0-1"]
[WhiteElo "1682"]
[BlackElo "1870"]
[PlyCount "104"]
[EventDate "2024.09.11"]
[WhiteTeam "Cyprus"]
[BlackTeam "El Salvador"]
[WhiteTeamCountry "CYP"]
[BlackTeamCountry "ESA"]

1. e4 g6 2. d4 Bg7 3. Nf3 c6 4. h4 h5 ({RR} 4... d5 5. e5 h5 6. Bf4 Nh6 7. Ng5 Nf5 8. c3 e6 9. Bd3 Nd7 10. Qe2 Nb6 11. Nd2 Bd7 12. O-O-O Qe7 13. Kb1 O-O-O 14. Nb3 Na4 15. Ba6 Kb8 16. Na5 Bc8 17. Qc2 Nb6 18. Rhe1 Rhf8 19. g3 {0-1 Tokhirjonova,G (2365)-Garcia Molina,J (2212) Titled Tue 19th Mar Early 2024 (9)}) 5. Nc3 ({RR} 5. Bd3 d5 6. e5 Bg4 7. c3 Nh6 8. Nbd2 Nf5 9. Nf1 Qb6 10. Qb3 Bxf3 11. gxf3 e6 12. Ng3 c5 13. Nxf5 gxf5 14. dxc5 Qxb3 15. axb3 Bxe5 16. b4 Nd7 17. Be3 Ke7 18. f4 Bf6 19. Ke2 Rhg8 {1-0 Sarana,A (2668)-Vlachos,A (2433) Titled Tuesday intern op 12th Jul Late blitz 2022 (9)}) 5... d5 6. exd5 cxd5 7. Bb5+ $146 ({RR} 7. Bg5 Bg4 8. Bb5+ Nc6 9. O-O Nf6 10. Re1 O-O 11. Bxc6 bxc6 12. Na4 Ne4 13. c3 Nxg5 14. hxg5 h4 15. Qd3 h3 16. Ne5 Bf5 17. Qg3 hxg2 18. Kxg2 Qd6 19. b3 f6 20. gxf6 exf6 21. Nf3 Qxg3+ {1-0 Maltsevskaya,A (2396)-Onslow,A (2104) Titled Tuesday intern op 31st May Early blitz 2022 (2)}) 7... Bd7 8. Bf4 Bxb5 9. Nxb5 Qa5+ 10. Nc3 Nc6 11. O-O Nh6 12. Bxh6 Bxh6 13. Qd3 O-O 14. a3 e6 15. Ne5 Bg7 16. Nxc6 bxc6 17. Rfd1 c5 18. Qb5 Qd8 19. Qxc5 Qxh4 20. g3 Qg4 21. Rd3 Rfc8 22. Qd6 Bxd4 23. Rxd4 Qxd4 24. Rd1 Qg7 25. Rd2 Rc4 26. Nd1 Rd4 27. Rd3 Rxd3 28. cxd3 Qd4 29. Qc6 Rb8 30. Qc2 Kg7 31. Kf1 g5 32. b4 h4 33. Kg2 hxg3 34. fxg3 Rh8 35. Qb2 Qxb2+ 36. Nxb2 Rc8 37. Na4 Rc2+ 38. Kf3 Ra2 39. Nc5 Rxa3 40. Kg4 Kg6 41. Nd7 f5+ 42. Kh3 Rb3 43. Ne5+ Kf6 44. Nc6 Rxd3 45. Nxa7 f4 46. b5 Rxg3+ 47. Kh2 Rb3 48. Kg2 g4 49. Kf2 g3+ 50. Kg2 Rb2+ 51. Kg1 f3 52. Nc6 Rb1# 0-1